| 000 | 00781nam a2200229 a 4500 | ||
|---|---|---|---|
| 001 | 000018724 | ||
| 005 | 20200929165840.0 | ||
| 008 | 100514s1985 cu a 001 p spa d | ||
| 040 |
_aDO-SdBNP _bspa _cBNPHU |
||
| 082 |
_aCu861.44 _bG958ób |
||
| 100 | 1 |
_aGuillén, Nicolás, _d1902-1989 _95891 |
|
| 245 | 1 | 0 |
_aObra poética : _b1922-1958 / _cNicolás Guillén ; compilación, prólogo y notas poe Ángel Augier. |
| 260 |
_aLa Habana : _bLetras Cubanas, _c1985. |
||
| 300 |
_av. : _bil. ; _c20 cm. |
||
| 500 | _aLa biblioteca posee los volúmenes 1 y 2. | ||
| 500 | _aIncluye índice de nombres citados en el texto poético. | ||
| 650 | 4 |
_aPoesía cubana _95226 |
|
| 650 | 4 |
_aLiteratura cubana _91483 |
|
| 700 | 1 |
_aAugier, Ángel, _ecomp. _923432 |
|
| 910 | _aWM | ||
| 049 | _aBNGR | ||
| 999 |
_c18244 _d18244 |
||